00934nam a2200145Ia 4500008004100000020003800041050001900079245014100098260004200239300004600281440004400327500015500371650010000526700016200626120626s9999 xx 000 0 und d a970-26-0962-3 \ 978-970-26-0962-9 aQA304 C66 2006 aConocimientos fundamentales de matemáticas : cálculo diferencial e integral / coordinación: Elena de Oteyza de Oteyza... [ et al.] aMéxico : UNAM : Pearson Educación axiv, 420 p. : gráficas, tablas ; 27 cm. aColección Conocimientos Fundamentales aContiene: índice de materias \ Cada capítulo incluye: ejercicio, resumen y ejercicios de repaso \ Apéndice: respuestas de los ejercicios impares aCÁLCULO DIFERENCIAL \ CÁLCULO INTEGRAL \ FUNCIONES \ LÍMITES \ LOGARITMOS - EXPONENCIALES aOTEYZA DE OTEYZA, Elena de (coord.) \ LAM OSNAYA, Emma (coord.) \ HERNÁNDEZ GARCIADIEGO, Carlos (coord.) \ CARRILLO HOYO, Ángel Manuel (coord.) \ Ser.Ì